000
00404nam a22001337a 4500
005
20251108175501.0
008
250721s9999 xx 000 0 ara d
082
1
4
_a
814/جوي
100
1
_a
فاروق, جويدة
245
1
0
_a
بلاد السحر و الخيال /
264
1
_a
القاهرة :
_b
دار غريب للطباعة والنشر والتوزيع،
942
_2
ddc
_c
BK
999
_c
135191
_d
135191